<?xml version="1.0" encoding="UTF-8"?>
<record
    xmlns:xsi="http://www.w3.org/2001/XMLSchema-instance"
    xsi:schemaLocation="http://www.loc.gov/MARC21/slim http://www.loc.gov/standards/marcxml/schema/MARC21slim.xsd"
    xmlns="http://www.loc.gov/MARC21/slim">

  <leader>02206    a2200229   4500</leader>
  <controlfield tag="001">41114</controlfield>
  <controlfield tag="005">20260407155705.0</controlfield>
  <controlfield tag="008">260407a2010    arg                 spa d</controlfield>
  <controlfield tag="003">AR-UNSa-BCEJYS</controlfield>
  <datafield tag="040" ind1=" " ind2=" ">
    <subfield code="a">AR-UNSa-BCEJYS</subfield>
    <subfield code="b">spa</subfield>
    <subfield code="c">AR-UNSa-BCEJYS</subfield>
  </datafield>
  <datafield tag="080" ind1=" " ind2=" ">
    <subfield code="a">347.72</subfield>
    <subfield code="x">Sociedades comerciales</subfield>
  </datafield>
  <datafield tag="245" ind1="1" ind2="0">
    <subfield code="a">Curso de derecho de las sociedades comerciales</subfield>
  </datafield>
  <datafield tag="020" ind1=" " ind2=" ">
    <subfield code="a">978-950-894-813-7</subfield>
  </datafield>
  <datafield tag="264" ind1=" " ind2="1">
    <subfield code="a">Buenos Aires :</subfield>
    <subfield code="b">AD-HOC</subfield>
    <subfield code="c">2010</subfield>
  </datafield>
  <datafield tag="300" ind1=" " ind2=" ">
    <subfield code="a">878 p.</subfield>
    <subfield code="c">23 cm.</subfield>
  </datafield>
  <datafield tag="505" ind1=" " ind2=" ">
    <subfield code="a">1. Introducci&#xF3;n: derecho de las sociedades, concepto de sociedad y relaci&#xF3;n con la empresa - 2. Constituci&#xF3;n de las sociedades. Elementos generales y espec&#xED;ficos - 3. La forma societaria: concepto, importancia y relaci&#xF3;n con la publicidad y registraci&#xF3;n mercantil - 4. Otros elementos de la sociedad. Patrimonio, capital social, objeto, domicilio, nombre social y fondo de comercio - 5. Organizaci&#xF3;n y personalidad - 6. Nulidad e irregularidad - 7. Los socios - 8. Documentaci&#xF3;n y contabilidad social - 9. Nacionalidad y extraterritorialidad societaria - 10. Transformaci&#xF3;n, fusi&#xF3;n y escisi&#xF3;n - 11. Resoluci&#xF3;n, disoluci&#xF3;n y liquidaci&#xF3;n - 12. Pr&#xF3;rroga, reconducci&#xF3;n y reactivaci&#xF3;n - 13. Intervenci&#xF3;n de sociedades - 14. La sociedad civil - 15. Clasificaci&#xF3;n de las sociedades comerciales. Sociedad colectiva y sociedad en comandita simple - 16. Sociedad de capital e industria y sociedad accidental o en participaci&#xF3;n - 17. Sociedad de responsabilidad limitada - 18. La sociedad an&#xF3;nima: aspectos generales - 19. El &#xF3;rgano de gobierno de la sociedad an&#xF3;nima: la asamblea - 20. El &#xF3;rgano de administaci&#xF3;n de la sociedad an&#xF3;nima: el directorio - 21. Los &#xF3;rganos de fiscalizaci&#xF3;n privada de la sociedad an&#xF3;nima: sindicatura y consejo de vigilancia - 22. Sociedad en comandita por acciones - 23. La sociedad de econom&#xED;a mixta, la sociedad del estado y la sociedad an&#xF3;nima con participaci&#xF3;n estatal mayoritaria - 24. Agrupaciones de colaboraci&#xF3;n y uniones transitorias de empresas</subfield>
  </datafield>
  <datafield tag="041" ind1=" " ind2=" ">
    <subfield code="a">spa</subfield>
  </datafield>
  <datafield tag="942" ind1=" " ind2=" ">
    <subfield code="c">BK</subfield>
  </datafield>
  <datafield tag="590" ind1=" " ind2=" ">
    <subfield code="a">niveau_biblio:m niveau_hierar:0</subfield>
  </datafield>
  <datafield tag="100" ind1="1" ind2=" ">
    <subfield code="a">Balb&#xED;n, Sebasti&#xE1;n</subfield>
  </datafield>
  <datafield tag="856" ind1="4" ind2="1">
    <subfield code="u">https://biblioeco.unsa.edu.ar/pmb/images/libros/L126381.jpg</subfield>
    <subfield code="y">Imagen de portada</subfield>
    <subfield code="q">image/jpeg</subfield>
  </datafield>
  <datafield tag="999" ind1=" " ind2=" ">
    <subfield code="c">3382</subfield>
    <subfield code="d">3382</subfield>
  </datafield>
  <datafield tag="952" ind1=" " ind2=" ">
    <subfield code="0">0</subfield>
    <subfield code="1">0</subfield>
    <subfield code="4">0</subfield>
    <subfield code="7">0</subfield>
    <subfield code="a">BCEJYS</subfield>
    <subfield code="b">BCEJYS</subfield>
    <subfield code="c">16</subfield>
    <subfield code="d">2026-04-07</subfield>
    <subfield code="l">0</subfield>
    <subfield code="o">347.72 B172</subfield>
    <subfield code="p">L126381</subfield>
    <subfield code="r">2026-04-07 15:57:05</subfield>
    <subfield code="w">2026-04-07</subfield>
    <subfield code="y">L</subfield>
  </datafield>
</record>
